Đề cương bài giảng lịch sử Đảng cộng sản Việt Nam: Dùng trong các trường đại học/

Uloženo v:
Podrobná bibliografie
Korporativní autor: Bộ đại học và trung học chuyên nghiệp.
Médium: Sách giấy
Jazyk:Vietnamese
Vydáno: H.: Đại và trung học chuyên nghiêp, 1980.
Tagy: Přidat tag
Žádné tagy, Buďte první, kdo otaguje tento záznam!
Thư viện lưu trữ: Thư viện Trường Đại học Đà Lạt
LEADER 00729nam a2200265 4500
001 DLU110123849
005 ##20110811
040 # # |a DLU  |b vie 
041 # # |a vie 
044 # # |a vn 
082 # # |a 324.259 775  |b BOD 
110 # # |a Bộ đại học và trung học chuyên nghiệp. 
245 # # |a Đề cương bài giảng lịch sử Đảng cộng sản Việt Nam:   |b Dùng trong các trường đại học/  |c 1980. 
260 # # |a H.:  |b Đại và trung học chuyên nghiêp,  |c 1980. 
300 # # |a 614 tr. ;  |c 19 cm. 
991 # # |a SH 
992 # # |a 4.50 
994 # # |a DLU 
900 # # |a True 
911 # # |a Nguyễn Huyền Anh 
925 # # |a G 
926 # # |a A 
927 # # |a SH 
980 # # |a Thư viện Trường Đại học Đà Lạt